| 000 | 00533nam a22001817a 4500 | ||
|---|---|---|---|
| 999 |
_c1644 _d1644 |
||
| 001 | 15577 | ||
| 003 | BD-DhUAP | ||
| 005 | 20200211125044.0 | ||
| 008 | 200211s2004 bg ||||| |||| 00| 0 eng d | ||
| 040 |
_aBD-DhUAP _bEng _cBD-DhUAP _dBD-DhUAP |
||
| 082 |
_223 _a348.5492046 BLD |
||
| 245 | _aBLD'S 10-years civil digest (1993-2002). | ||
| 260 |
_aDhaka : _bBangladesh bar council, _c2004. |
||
| 300 |
_axvi, 596 pages ; _c25 cm. |
||
| 650 |
_aLaw reports, digests, etc _zBangladesh. |
||
| 710 | _aBangladesh bar council, | ||
| 942 |
_2ddc _cBK |
||